[Event "OMA-ch 11th"]
[Site "Muscat"]
[Date "2024.01.27"]
[Round "5"]
[White "Al Jabri, Rashid"]
[Black "Al Kharusi, Mohammed"]
[Result "0-1"]
[WhiteElo "1740"]
[BlackElo "1478"]
[PlyCount "134"]
[EventDate "2024.01.24"]
[EventType "swiss"]
[EventRounds "9"]
[EventCountry "OMN"]
[SourceTitle "CB06_2024"]
[SourceDate "2024.02.07"]
[SourceVersion "1"]
[SourceVersionDate "2024.02.07"]
[SourceQuality "1"]

1. e4 e5 2. Nf3 Nc6 3. Bb5 a6 4. Ba4 Nf6 5. 0-0 b5 6. Bb3 Bb7 7. Ng5 d5 8. exd5 Na5 9. Re1 Nxb3 10. Rxe5+ Be7 11. axb3 Nd7 12. Re1 0-0 13. Nf3 Bxd5 14. Nc3 Bb7 15. d3 f5 16. Qe2 Rf7 17. Bf4 b4 18. Nd1 Bf6 19. Ne5 Nxe5 20. Bxe5 Qd5 21. f4 Bxe5 22. fxe5 Re8 23. c4 Qd4+ 24. Qe3 Qxe3+ 25. Rxe3 f4 26. Re1 f3 27. g3 f2+ 28. Nxf2 Ref8 29. Re2 c5 30. Ra5 Rc7 31. Ne4 Bxe4 32. Rxe4 Rf3 33. e6 Kf8 34. Rxa6 Rxd3 35. e7+ Rxe7 36. Rf4+ Ke8 37. Ra8+ Kd7 38. Ra7+ Kd6 39. Ra6+ Kd7 40. Rf5 Rxb3 41. Rf2 Rbe3 42. Rd2+ Ke8 43. Rc6 R7e5 44. Rc7 Re2 45. Rxe2 Rxe2 46. Rxg7 Rxb2 47. Rc7 Rc2 48. Rb7 Kd8 49. h4 Kc8 50. Rxh7 b3 51. Rh8+ Kc7 52. Rh7+ Kb6 53. Rh8 b2 54. Rb8+ Kc6 55. g4 Rc1+ 56. Kg2 b1Q 57. Rxb1 Rxb1 58. h5 Kd6 59. h6 Ke6 60. Kg3 Kf6 61. Kf4 Rf1+ 62. Ke4 Rd1 63. g5+ Kxg5 64. h7 Rd8 65. Ke5 Kg6 66. h8Q Rxh8 67. Kd6 Rh5 0-1

[Event "OMA-chT 6th"]
[Site "Muscat"]
[Date "2023.08.10"]
[Round "9.1"]
[White "Al Bulushi, Rawan"]
[Black "Al Kharusi, Mohammed"]
[Result "0-1"]
[WhiteElo "1455"]
[BlackElo "1499"]
[PlyCount "76"]
[EventDate "2023.08.03"]
[EventType "team-swiss"]
[EventRounds "9"]
[EventCountry "OMN"]
[SourceTitle "EXT 2024"]
[Source "ChessBase"]
[SourceDate "2023.10.10"]
[SourceVersion "1"]
[SourceVersionDate "2023.10.10"]
[SourceQuality "1"]
[WhiteTeam "Women Team"]
[BlackTeam "Masirah White"]
[WhiteTeamCountry "OMN"]
[BlackTeamCountry "OMN"]

1. e4 e5 2. Nf3 Nc6 3. Bc4 Bc5 4. c3 Nf6 5. d4 exd4 6. cxd4 Bb4+ 7. Nc3 Nxe4 8. 0-0 Bxc3 9. d5 Bf6 10. dxc6 0-0 11. cxd7 Qxd7 12. Qc2 Qc6 13. Bd3 Qxc2 14. Bxc2 Nd6 15. Rb1 Bf5 16. Bxf5 Nxf5 17. Bf4 c6 18. b3 Nd4 19. Nxd4 Bxd4 20. Rbd1 Rad8 21. h3 h6 22. g4 Bf6 23. Kg2 Rd5 24. Be3 a5 25. Rc1 Bd4 26. Bxd4 Rxd4 27. Rfd1 Rfd8 28. Rxd4 Rxd4 29. Rc2 Kf8 30. Re2 a4 31. bxa4 Rxa4 32. f3 c5 33. Rb2 c4 34. Rxb7 Rxa2+ 35. Kf1 c3 36. Ke1 Ra1+ 37. Ke2 c2 38. Rc7 c1Q 0-1